Projects using C (Record no. 107)

MARC details
000 -LEADER
Fixed length control field 00534nam a2200193 4500
003 - CONTROL NUMBER IDENTIFIER
Control field SEACOMMC
005 - DATE AND TIME OF LATEST TRANSACTION
Control field 20231011045201.0
008 - FIXED-LENGTH DATA ELEMENTS--GENERAL INFORMATION
Fixed length control field 231011b |||||||| |||| 00| 0 eng d
020 ## - INTERNATIONAL STANDARD BOOK NUMBER / ISBN
Price Rs. 240.00
040 ## - CATALOGING SOURCE
Original cataloging agency SEACOMMC
082 ## - DEWEY DECIMAL CLASSIFICATION NUMBER
Classification number 005.133
Book Number VAR
100 1# - MAIN ENTRY--PERSONAL NAME
Personal name Varalakshmi, Pvn.
245 1# - TITLE STATEMENT
Title Projects using C
Sub title with concepts and algorithms
Statement of responsibility Pvn. Varalakshmi
260 ## - IMPRINT
Place of publication Chennai
Name of publisher Scitech
Date of publication 2006
650 ## - SUBJECT ADDED ENTRY--TOPICAL TERM
Topical term Computer science
650 ## - SUBJECT ADDED ENTRY--TOPICAL TERM
Topical term Computer programming, programs, data
650 ## - SUBJECT ADDED ENTRY--TOPICAL TERM
Topical term Programming languages
942 ## - ADDED ENTRY ELEMENTS (KOHA)
Koha item type Books
Holdings
Withdrawn status Lost status Source of classification Damaged status Not for loan Home library Current library Date acquired Total Checkouts Call number Accession number Date last seen Price effective from Koha item type
    Dewey Decimal Classification     SEACOM MANAGEMENT COLLEGE SEACOM MANAGEMENT COLLEGE 24/07/2006   005.133 VAR 04311 11/10/2023 11/10/2023 Books
    Dewey Decimal Classification     SEACOM MANAGEMENT COLLEGE SEACOM MANAGEMENT COLLEGE 24/07/2006   005.133 VAR 04312 11/10/2023 11/10/2023 Books
    Dewey Decimal Classification     SEACOM MANAGEMENT COLLEGE SEACOM MANAGEMENT COLLEGE 24/07/2006   005.133 VAR 04313 11/10/2023 11/10/2023 Books
    Dewey Decimal Classification     SEACOM MANAGEMENT COLLEGE SEACOM MANAGEMENT COLLEGE 24/07/2006   005.133 VAR 04314 11/10/2023 11/10/2023 Books
    Dewey Decimal Classification     SEACOM MANAGEMENT COLLEGE SEACOM MANAGEMENT COLLEGE 24/07/2006   005.133 VAR 04315 11/10/2023 11/10/2023 Books
© Seacom Engineering College, All rights reserved.    Powered by Koha